000 00767nas a2200277 4500
001 BR7905223
003 BR-BrBNA
005 20231205083912.0
007 ta
008 230509b bl.|||p| |||| 00| 00por d
040 _aBR-BrBNA
_bpor
_cBiblioteca Nacional de Agricultura
041 _a(Pt)
072 _aN20
100 1 _aAnon.
245 1 _aOperacoes mecanizadas facilitam a formacao de pastagens
650 _aEquipamento rural
650 _aPastagem
650 _aTrator
650 _aPlantio
650 _aADUBO ORGÂNICO
650 _aColheita
650 _aRocadeira
773 0 _tRevista dos Criadores (Brazil)
_xISSN 0034-9259
_g(Sep 1979), v. 49(596) p. 37-54
_wBR7905223
909 _a202311
_bLúcia
_c55
_dLúcia Elande
942 _2AGRIS
_n0
_cANA
999 _c101924
_d101924